00690nam a2200217Ia 4500003000400000005001700004008004100021040000700062041001200069082001500081100002500096245006400121260004300185365000800228650003000236650003000266906003900296942001200335999001900347952010600366OSt20250808171948.0210423s1990 xx 000 0 und d cAL aEnglish a320 bVALP aFrenc A Vali9103559 aPolitics of the indian ocean regionb: the balance of power aKottaymbOxford University Pressc1990 cINR aPolitical Science9103560 aPolitical Science9103560 aindian ; ocean ; Politics ; region 2ddccBK c172034d172034 001040708MSWaSACPGbSACPGd2001-11-06l0o320 VALPpPG018571r2022-08-24 00:00:00w2021-04-26yBK